11 titulaire de l'equipe de France en finale de coupe du monde 2018 - Statistiques

Statistiques générales
  • Ce quiz a été pris 743 fois
  • Le résultat moyen est 11 sur 11
Statistiques - réponses
Club actuel Réponse % Correct
Atletico Madrid Antoine Griezmann
100%
Paris Saint-Germain Kylian Mbappé
100%
Tottenham Hotspurs Hugo Lloris
99%
Milan AC Olivier Giroud
99%
Juventus Paul Pogba
98%
Bayern Munich Benjamin Pavard
97%
Chelsea N'golo Kanté
97%
Manchester United Raphaël Varane
97%
Bayern Munich Lucas Hernandez
95%
Us Lecce Samuel Umtiti
93%
retraité Blaise Matuidi
86%
Aucun quiz correspondant
Distribution des résultats
% des personnes avec chaque résultat
Percentile par nombre de réponses
Votre historique - résultats
Vous n’avez pas pris ce quiz